Empleo y trabajo previsión de futuro

Bibliographic Details
Main Authors: Argandoña, A., Canals, J
Format: Section = Libro
Language:Undetermined
Spanish
Published: España Folio 1997
Subjects:
LEADER 00615nam a2200229Ia 4500
008 240829s9999 xx 000 0 und d
020 |a 84-413-0698-2 
040 |a BIBLIOTECA-RUSB/ Ref 658 A686 
041 |a spa 
082 |a Ref 658 A686 
100 1 |a Argandoña, A.  
100 1 |b  Canals, J 
245 1 0 |a Empleo y trabajo previsión de futuro 
260 |a España  |b Folio  |c 1997 
300 |a 102 p. :il. 
650 7 |a ADMINISTRACION GESTION DE EMPRESAS 
650 7 |b  INFLACION 
650 7 |c  MACROECONOMIA - EMPRESAS 
650 7 |d  PRODUCCION NACIONAL BRUTO 
942 |c BK  |2 ddc 
991 |a TEXTO 
999 |c 6187